|
|
|
|
| LEADER |
00000nam2a2200000 4500 |
| 001 |
320530 |
| 005 |
20231102003304.0 |
| 035 |
|
|
|a (RuTPU)RU\TPU\book\346061
|
| 090 |
|
|
|a 320530
|
| 100 |
|
|
|a 20160711d1898 m y0rusy50 ca
|
| 101 |
0 |
|
|a rus
|
| 102 |
|
|
|a RU
|
| 105 |
|
|
|a c z 000ab
|
| 200 |
0 |
|
|a Т. 1: Записки охотника
|f авт. предисл. к первому, посмертному изданию 1883 г. М. М. Стасюлевич ; гравер Ф. А. Брокгауз
|
| 210 |
|
|
|d 1898
|
| 215 |
|
|
|a LX, 403 с.
|c с портр. автора и двумя автографами
|
| 300 |
|
|
|a Текст в русской дореформенной орфографии
|
| 316 |
|
|
|5 63413507: М-132315
|a Владельческий переплет, на корешке инициалы "И. Н. Б." На титульном листе и др. страницах штамп-экслибрис Иннокентия Николаевича Бутакова
|
| 317 |
|
|
|5 63413507: М-132315
|a Поступила в НТБ в 1970 г. в составе книжного собрания профессора ТПИ И. Н. Бутакова
|
| 461 |
|
1 |
|0 (RuTPU)RU\TPU\book\346060
|t Полное собрание сочинений И. С. Тургенева
|o в 12 т.
|o приложение к журналу "Нива" на 1898 г.
|f И. С. Тургенев
|v Т. 1: Записки охотника
|d 1898
|
| 464 |
|
|
|t Из воспоминаний о последних днях И. С. Тургенева и его похороны
|f М. С.
|
| 600 |
|
1 |
|a Тургенев
|b И. С.
|c русский писатель
|f 1818-1883
|g Иван Сергеевич
|2 stltpush
|3 (RuTPU)RU\TPU\pers\1039
|9 462
|
| 606 |
1 |
|
|a Русская литература, дореволюционная
|2 stltpush
|3 (RuTPU)RU\TPU\subj\26371
|9 50314
|
| 610 |
1 |
|
|a 19 век
|
| 610 |
1 |
|
|a владельческие знаки
|
| 610 |
1 |
|
|a библиотека И. Н. Бутакова
|
| 610 |
1 |
|
|a литературное наследие
|
| 610 |
1 |
|
|a биографические очерки
|
| 610 |
1 |
|
|a рассказы
|
| 675 |
|
|
|a Р1
|v 3
|
| 702 |
|
1 |
|a Стасюлевич
|b М. М.
|c историк, издатель, журналист
|f 1826-1911
|g Михаил Матвеевич
|2 stltpush
|3 (RuTPU)RU\TPU\pers\36260
|4 080
|9 19336
|
| 702 |
|
1 |
|a Брокгауз
|b Ф. А.
|4 530
|
| 801 |
|
1 |
|a RU
|b 63413507
|c 20160711
|
| 801 |
|
2 |
|a RU
|b 63413507
|c 20190725
|g RCR
|
| 942 |
|
|
|c BK
|